Статистический метод расчета потерь энергии в линии с распределенной нагрузкой и оценка качества напряжения; Известия вузов. Энергетика; № 5

Dades bibliogràfiques
Parent link:Известия вузов. Энергетика: научно-технический и производственный журнал/ Министерство образования республики Беларусь.— Издается с 1958 г..— , 1958-1992.— 0579-2983
№ 5.— 1963.— С. 8-15
Autor principal: Галинский П. П.
Idioma:rus
Publicat: 1963
Matèries:
Format: MixedMaterials Capítol de llibre
KOHA link:https://koha.lib.tpu.ru/cgi-bin/koha/opac-detail.pl?biblionumber=592427

MARC

LEADER 00000naa2a2200000 4500
001 592427
005 20231101131717.0
035 |a (RuTPU)RU\TPU\tpu\4481 
090 |a 592427 
100 |a 20011210a1963 k y0rusy50 ca 
101 0 |a rus 
102 |a RU 
200 1 |a Статистический метод расчета потерь энергии в линии с распределенной нагрузкой и оценка качества напряжения  |f П. П. Галинский 
320 |a Библиогр.: 9 назв. 
461 1 |0 (RuTPU)RU\TPU\prd\196  |x 0579-2983  |t Известия вузов. Энергетика  |o научно-технический и производственный журнал  |f Министерство образования республики Беларусь  |e Издается с 1958 г.  |d 1958-1992 
463 1 |0 (RuTPU)RU\TPU\prd\6523  |t № 5  |v С. 8-15  |d 1963 
610 1 |a электрические сети 
610 1 |a электрические системы 
610 1 |a электрические станции 
610 1 |a энергия 
610 1 |a потери 
610 1 |a напряжения 
610 1 |a труды учёных ТПУ 
700 1 |a Галинский  |b П. П. 
801 0 |a RU  |b 63413507  |c 20011210  |g PSBO 
801 2 |a RU  |b 63413507  |c 20221130  |g PSBO 
942 |c BK